[Event "Rated Blitz game"]
[Site "?"]
[Date "2021.06.04"]
[Round "?"]
[White "josuexp"]
[Black "Vitaliy_87"]
[Result "0-1"]
[WhiteElo "2419"]
[BlackElo "2275"]
[PlyCount "48"]
[EventDate "2021.??.??"]
[EventType "blitz"]

1. e4 e5 2. Nf3 Nc6 3. c3 Nf6 4. d4 Nxe4 5. d5 Bc5 6. dxc6 Bxf2+ 7. Ke2 Bb6 8.
Qd5 Nf2 9. Rg1 bxc6 10. Qxe5+ Kf8 11. Be3 Ng4 12. Bxb6 Nxe5 13. Bc5+ d6 14.
Nxe5 dxc5 15. Nf3 Rb8 16. b3 Ba6+ 17. c4 Qf6 18. Nbd2 Qxa1 19. Kf2 Qxa2 20. Bd3
Rxb3 21. Bb1 Qb2 22. Re1 Bxc4 23. Ne5 Qxd2+ 24. Kg1 Qxe1# {Normal} 0-1

[Event "Rated Blitz game"]
[Site "?"]
[Date "2021.06.04"]
[Round "?"]
[White "magos33"]
[Black "anak_debok"]
[Result "0-1"]
[WhiteElo "2404"]
[BlackElo "2426"]
[PlyCount "50"]
[EventDate "2021.??.??"]
[EventType "blitz"]

1. e4 e5 2. Nf3 Nc6 3. c3 Nf6 4. d4 exd4 5. e5 Nd5 6. cxd4 Bb4+ 7. Nbd2 O-O 8.
a3 Ba5 9. Bc4 Nb6 10. Bd3 Bxd2+ 11. Bxd2 d6 12. Qc2 h6 13. O-O Bg4 14. exd6
Qxd6 15. Ne5 Nxd4 16. Bh7+ Kh8 17. Qe4 f5 18. Ng6+ Qxg6 19. Bxg6 fxe4 20. Bxe4
Nb3 21. Bb4 c5 22. Bc3 Nxa1 23. Rxa1 Rf7 24. f3 Bf5 25. Bd5 Nxd5 {Normal} 0-1

[Event "Rated Blitz game"]
[Site "?"]
[Date "2021.06.04"]
[Round "?"]
[White "Zadokhlik"]
[Black "elrond"]
[Result "1-0"]
[WhiteElo "2458"]
[BlackElo "2410"]
[PlyCount "71"]
[EventDate "2021.??.??"]
[EventType "blitz"]

1. e4 e5 2. Nf3 Nc6 3. c3 Nf6 4. d3 d5 5. Nbd2 Be7 6. Be2 O-O 7. O-O h6 8. b4
a6 9. Bb2 Be6 10. Re1 Re8 11. Bf1 Qd7 12. a3 Rad8 13. exd5 Nxd5 14. Nxe5 Nxe5
15. Rxe5 Bf6 16. Nf3 Bxe5 17. Nxe5 Qd6 18. c4 Nf4 19. Qf3 Ng6 20. Nxg6 fxg6 21.
Qxb7 Bf5 22. d4 Be4 23. d5 Rb8 24. Qa7 Qf4 25. Qd4 Qf7 26. f3 Bf5 27. c5 Rbd8
28. Rd1 Re7 29. Bxa6 Red7 30. Bc4 Kh7 31. Qf4 Rxd5 32. Bxd5 Rxd5 33. Rxd5 Qxd5
34. h3 Be6 35. Qxc7 Qd1+ 36. Kh2 {Normal} 1-0

[Event "Rated Blitz game"]
[Site "?"]
[Date "2021.06.04"]
[Round "?"]
[White "farbmates"]
[Black "noomehtot"]
[Result "0-1"]
[WhiteElo "2423"]
[BlackElo "2433"]
[PlyCount "90"]
[EventDate "2021.??.??"]
[EventType "blitz"]

1. e4 e5 2. Nf3 Nc6 3. c3 Nf6 4. d4 Nxe4 5. d5 Bc5 6. dxc6 Bxf2+ 7. Ke2 Bb6 8.
Qd5 Nf2 9. Rg1 O-O 10. cxb7 c6 11. bxa8=Q Ba6+ 12. c4 Qxa8 13. Qd6 e4 14. Nfd2
e3 15. Nc3 exd2 16. Kxd2 Re8 17. c5 Ba5 18. Qd4 Ne4+ 19. Kc2 Bxf1 20. Nxe4 Ba6
21. Bh6 f6 22. Bxg7 Rxe4 23. Qxe4 Kxg7 24. Qe7+ Kg8 25. Rae1 Bxe1 26. Rxe1 Qf8
27. Kc3 Bc8 28. b4 Qh6 29. Qe8+ Qf8 30. Qxf8+ Kxf8 31. Kd4 Kf7 32. a4 Ba6 33.
Rb1 Be2 34. b5 cxb5 35. axb5 Bg4 36. Kd5 Bf5 37. Ra1 Bd3 38. Rxa7 Bxb5 39. Rb7
Bc6+ 40. Kd6 Bxb7 41. Kxd7 Bxg2 42. c6 Bxc6+ 43. Kxc6 Ke6 44. Kc5 Ke5 45. Kc4
Ke4 {Normal} 0-1

[Event "Rated Blitz game"]
[Site "?"]
[Date "2021.06.04"]
[Round "?"]
[White "franqqo"]
[Black "Glig"]
[Result "0-1"]
[WhiteElo "2456"]
[BlackElo "2536"]
[PlyCount "114"]
[EventDate "2021.??.??"]
[EventType "blitz"]

1. e4 e5 2. Nf3 Nc6 3. c3 Nf6 4. d4 d6 5. Bb5 Bd7 6. O-O Be7 7. Re1 O-O 8. h3
h6 9. Bf1 a6 10. Nbd2 Re8 11. b3 Bf8 12. Bb2 g6 13. c4 exd4 14. Nxd4 Bg7 15. a3
Qc8 16. Rc1 Nh5 17. N2f3 Nf4 18. Ba1 Ne5 19. b4 b6 20. c5 Nxf3+ 21. Qxf3 bxc5
22. bxc5 dxc5 23. Rxc5 g5 24. Rec1 Ra7 25. Nc6 Bxc6 26. Rxc6 Bxa1 27. Rxa1 Re6
28. Rac1 Qd7 29. Qc3 Rxc6 30. Qxc6 Qxc6 31. Rxc6 Kg7 32. Rxa6 Rb7 33. g3 Ne6
34. Ra8 Rb1 35. Kg2 Ra1 36. a4 c5 37. a5 Nd4 38. a6 Nc6 39. Bc4 Nb4 40. Ra7 Kf6
41. f4 gxf4 42. gxf4 Rc1 43. Rxf7+ Kg6 44. Bd5 Nxd5 45. a7 Ra1 46. Rd7 Nxf4+
47. Kf3 Ne6 48. Kg4 Kf6 49. h4 Ra5 50. h5 c4 51. Rb7 c3 52. Rb3 Rxa7 53. Rxc3
Ke5 54. Rf3 Rg7+ 55. Kh4 Nf4 56. Rf1 Ng2+ 57. Kh3 Ne3 {Time forfeit} 0-1

[Event "Rated Blitz tournament 7Lvi9bAW"]
[Site "?"]
[Date "2021.06.04"]
[Round "?"]
[White "RobertGutierez_UNMSM"]
[Black "Fer1"]
[Result "1-0"]
[WhiteElo "2406"]
[BlackElo "2394"]
[PlyCount "99"]
[EventDate "2021.??.??"]
[EventType "blitz"]

1. e4 e5 2. Nf3 Nc6 3. c3 d5 4. Qa4 f6 5. exd5 Qxd5 6. Bc4 Qe4+ 7. Kd1 Qg4 8.
Bb5 Qxa4+ 9. Bxa4 Bd7 10. Re1 O-O-O 11. d3 Nge7 12. Kc2 Nd5 13. Be3 Nb6 14. Bb3
Na5 15. Nbd2 Be7 16. Rad1 Kb8 17. Ne4 h5 18. Bc5 Bxc5 19. Nxc5 Nxb3 20. Nxd7+
Rxd7 21. axb3 Rhd8 22. Re4 Nd5 23. g3 Ne7 24. Rde1 c6 25. d4 Ng6 26. dxe5 fxe5
27. R1e2 Rd5 28. Nxe5 Nxe5 29. Rxe5 Rxe5 30. Rxe5 Rd7 31. Rxh5 Re7 32. Kd3 Kc7
33. f4 Rf7 34. Re5 Rd7+ 35. Ke3 Rd1 36. Re7+ Kd6 37. Rxg7 Rb1 38. Rxb7 Rxb2 39.
h4 a5 40. Ra7 Rxb3 41. Rxa5 Rxc3+ 42. Kf2 c5 43. h5 Rc1 44. Kg2 Re1 45. h6 c4
46. Re5 Rb1 47. Re8 Kd7 48. h7 Rb2+ 49. Kh3 Rb1 50. h8=Q {Normal} 1-0

[Event "Rated Blitz tournament lDNhLp7e"]
[Site "?"]
[Date "2021.06.04"]
[Round "?"]
[White "RobertGutierez_UNMSM"]
[Black "Rafaelcayon"]
[Result "0-1"]
[WhiteElo "2410"]
[BlackElo "2256"]
[PlyCount "78"]
[EventDate "2021.??.??"]
[EventType "blitz"]

1. e4 e5 2. Nf3 Nc6 3. c3 f5 4. d4 fxe4 5. Nxe5 Nf6 6. Bc4 d5 7. Bb5 Bd7 8. O-O
Nxe5 9. dxe5 Bxb5 10. exf6 Qxf6 11. Qxd5 Bxf1 12. Qxb7 Rd8 13. Qxe4+ Qe7 14.
Qc6+ Qd7 15. Qxd7+ Rxd7 16. Kxf1 Rd1+ 17. Ke2 Rxc1 18. Kd2 Rg1 19. a4 Bc5 20.
b4 Bxf2 21. Kc2 O-O 22. Ra2 Be3 23. Kd3 Rf2 24. Ra3 Rxb1 25. Kxe3 Rxg2 26. b5
Rxh2 27. Kd4 Rh4+ 28. Kc5 Rc1 29. Kc6 Rh3 30. Kxc7 Rhxc3+ 31. Rxc3 Rxc3+ 32.
Kb7 Ra3 33. Kxa7 Rxa4+ 34. Kb6 Rb4 35. Kc5 Rb1 36. b6 g5 37. Kc6 h5 38. b7 g4
39. b8=Q+ Rxb8 {Normal} 0-1

[Event "Rated Blitz game"]
[Site "?"]
[Date "2021.06.04"]
[Round "?"]
[White "magos33"]
[Black "Elkant"]
[Result "0-1"]
[WhiteElo "2426"]
[BlackElo "2306"]
[PlyCount "92"]
[EventDate "2021.??.??"]
[EventType "blitz"]

1. e4 e5 2. Nf3 Nc6 3. c3 d5 4. Qa4 Qd6 5. Bb5 Bd7 6. exd5 Qxd5 7. O-O Nf6 8.
d4 e4 9. Re1 O-O-O 10. Bxc6 Bxc6 11. Qxa7 exf3 12. Bf4 Bd6 13. c4 Qxc4 14. Nd2
Qa6 15. Qxa6 bxa6 16. Bg5 Rde8 17. Rec1 Bd5 18. gxf3 Nh5 19. Nc4 Bxc4 20. Rxc4
Nf4 21. Kf1 Nd5 22. Rac1 Kd7 23. Bd2 Rb8 24. b3 Rhe8 25. Ra4 Ra8 26. Ra5 c6 27.
Ra4 f5 28. Rac4 Rec8 29. Ke2 a5 30. Kd3 Bb4 31. Be3 f4 32. Bd2 Bxd2 33. Kxd2
Kd6 34. Rg1 g6 35. h4 Re8 36. h5 Re6 37. h6 Rae8 38. Rgc1 Re2+ 39. Kd3 Nb4+ 40.
Rxb4 axb4 41. Rc5 Rxa2 42. Kc4 Rxf2 43. Kxb4 Rxf3 44. Ra5 Rb8+ 45. Kc4 Rbxb3
46. Ra7 Rfc3# {Normal} 0-1

[Event "Rated Blitz game"]
[Site "?"]
[Date "2021.06.04"]
[Round "?"]
[White "vascodiogo17"]
[Black "bookuazt"]
[Result "1-0"]
[WhiteElo "2436"]
[BlackElo "2344"]
[PlyCount "87"]
[EventDate "2021.??.??"]
[EventType "blitz"]

1. e4 e5 2. Nf3 Nc6 3. c3 Be7 4. d4 d6 5. Bc4 Nf6 6. O-O O-O 7. Re1 Bg4 8. dxe5
Bxf3 9. Qxf3 Nxe5 10. Qe2 Nxc4 11. Qxc4 Ng4 12. Bf4 Ne5 13. Qe2 Bf6 14. Nd2 Re8
15. Rad1 Qd7 16. Bg3 Qa4 17. a3 h6 18. Nf1 a6 19. Rd4 Qb5 20. Qc2 Nc6 21. Rdd1
Re6 22. Ne3 Ne7 23. c4 Qh5 24. Nd5 Nxd5 25. cxd5 Re7 26. f3 Be5 27. b4 Rae8 28.
Rc1 Qg5 29. Bxe5 Qxe5 30. Qc3 Qf4 31. Qe3 Qf6 32. Rc4 g5 33. Rec1 Rc8 34. Qc3
Qxc3 35. R1xc3 Kf8 36. g4 Ke8 37. h4 f6 38. Kg2 Kd8 39. Kg3 Ra8 40. a4 b5 41.
Rc6 bxa4 42. Ra3 a5 43. Rxa4 Rb8 44. bxa5 {Normal} 1-0

[Event "Rated Blitz game"]
[Site "?"]
[Date "2021.06.04"]
[Round "?"]
[White "faiz_depok"]
[Black "oj_ossa"]
[Result "0-1"]
[WhiteElo "2321"]
[BlackElo "2400"]
[PlyCount "46"]
[EventDate "2021.??.??"]
[EventType "blitz"]

1. e4 e5 2. Nf3 Nc6 3. c3 Nf6 4. Qc2 Bc5 5. h3 O-O 6. a3 d5 7. d3 a6 8. Be2
dxe4 9. dxe4 Nh5 10. b4 Ba7 11. O-O Qf6 12. Bg5 Qg6 13. Kh1 h6 14. Be3 Bxe3 15.
fxe3 Ng3+ 16. Kg1 Nxf1 17. Bxf1 Bxh3 18. Nbd2 f5 19. Nc4 fxe4 20. Nfxe5 Nxe5
21. Nxe5 Qg5 22. Qb3+ Kh7 23. Nc4 Rxf1+ {Normal} 0-1

[Event "Rated Blitz game"]
[Site "?"]
[Date "2021.06.04"]
[Round "?"]
[White "vascodiogo17"]
[Black "lancemarx1"]
[Result "0-1"]
[WhiteElo "2441"]
[BlackElo "2335"]
[PlyCount "44"]
[EventDate "2021.??.??"]
[EventType "blitz"]

1. e4 e5 2. Nf3 Nc6 3. c3 Nf6 4. d4 Nxe4 5. d5 Bc5 6. dxc6 Bxf2+ 7. Ke2 Bb6 8.
Be3 Bxe3 9. Kxe3 d5 10. cxb7 Bxb7 11. Bd3 O-O 12. Bxe4 dxe4 13. Qxd8 Raxd8 14.
Nxe5 Rfe8 15. Nc4 Rd3+ 16. Kf4 h6 17. h4 Re6 18. Rf1 Rf6+ 19. Kg4 Rxf1 20. h5
Bc8+ 21. Kh4 Rf4+ 22. g4 Rxg4# {Normal} 0-1

[Event "Rated Blitz game"]
[Site "?"]
[Date "2021.06.04"]
[Round "?"]
[White "Kiiris"]
[Black "madagasscarr"]
[Result "1-0"]
[WhiteElo "2409"]
[BlackElo "2369"]
[PlyCount "66"]
[EventDate "2021.??.??"]
[EventType "blitz"]

1. e4 e5 2. Nf3 Nc6 3. c3 d5 4. exd5 Qxd5 5. d4 exd4 6. cxd4 Nf6 7. Nc3 Qd8 8.
Bb5 Bd7 9. O-O Be7 10. d5 Na5 11. Qa4 b6 12. Bf4 O-O 13. Rad1 Bxb5 14. Nxb5 Bd6
15. Bxd6 cxd6 16. Nbd4 Rc8 17. b4 Nc4 18. Nc6 Qc7 19. Qb3 b5 20. a4 a6 21. axb5
axb5 22. Nfd4 Nxd5 23. Rc1 Qb6 24. Qf3 Rxc6 25. Qxd5 Rcc8 26. Nxb5 Ne5 27. Rxc8
Rxc8 28. Nxd6 Rd8 29. Rd1 Ng4 30. Qxf7+ Kh8 31. Qf4 Qc7 32. Nf7+ Kg8 33. Rxd8+
Qxd8 {Normal} 1-0

[Event "ch-ISL Women 2021"]
[Site "Reykjavik ISL"]
[Date "2021.06.03"]
[Round "6.3"]
[White "Haile, Batel Goitom"]
[Black "Hauksdottir, Hrund"]
[Result "1/2-1/2"]
[WhiteElo "1625"]
[BlackElo "1819"]
[PlyCount "67"]
[EventDate "2021.05.26"]
[SourceTitle "The Week in Chess 1387"]
[Source "Mark Crowther"]
[SourceDate "2021.06.07"]
[SourceVersion "1"]
[SourceVersionDate "2021.06.07"]
[SourceQuality "2"]

1. e4 e5 2. Nf3 Nc6 3. c3 Nf6 4. Qc2 Be7 5. d4 exd4 6. cxd4 d5 7. e5 Ne4 8. Bb5
Bd7 9. Bxc6 Bxc6 10. O-O O-O 11. Nc3 Re8 12. Be3 Nxc3 13. Qxc3 a5 14. a3 Qd7
15. Rfc1 a4 16. Qc2 h6 17. h3 Ra6 18. Re1 Bb5 19. Rac1 Rc6 20. Qd2 Rg6 21. Kh1
c6 22. Qc2 Bg5 23. Bxg5 hxg5 24. Nh2 Rge6 25. Qf5 Qd8 26. Re3 f6 27. Ng4 fxe5
28. Rxe5 Rxe5 29. dxe5 Qe7 30. Qg6 Be2 31. Nh6+ Kh8 32. Nf7+ Kg8 33. Nxg5 Bd3
34. Qh5 1/2-1/2

[Event "Rated Blitz game"]
[Site "?"]
[Date "2021.06.03"]
[Round "?"]
[White "grandmaster2812"]
[Black "IARolando_Yutuc"]
[Result "0-1"]
[WhiteElo "2276"]
[BlackElo "2431"]
[PlyCount "76"]
[EventDate "2021.??.??"]
[EventType "blitz"]

1. e4 e5 2. Nf3 Nc6 3. c3 Nf6 4. d3 d5 5. Be2 dxe4 6. dxe4 Qxd1+ 7. Kxd1 Nxe4
8. Ke1 Bc5 9. Rf1 O-O 10. b4 Bd6 11. a4 Be6 12. Bd3 Nf6 13. Bg5 e4 14. Bxf6
exd3 15. Bd4 Bd5 16. Be3 Bxf3 17. gxf3 Ne5 18. Kd2 Nxf3+ 19. Kxd3 Rad8 20. Kc2
Nxh2 21. Rh1 Ng4 22. Bd2 Nxf2 23. Rg1 Ne4 24. Be3 b6 25. Bd4 f6 26. b5 Bc5 27.
Rd1 Bxd4 28. cxd4 Rd5 29. Na3 Rfd8 30. a5 Rxd4 31. Rxd4 Rxd4 32. axb6 axb6 33.
Re1 f5 34. Kb3 h5 35. Nc4 Nd2+ 36. Nxd2 Rxd2 37. Kc3 Rd7 38. Re7 Rxe7 {Normal}
0-1

[Event "Rated Blitz game"]
[Site "?"]
[Date "2021.06.03"]
[Round "?"]
[White "Fight-chess"]
[Black "Das_Beuteltier"]
[Result "1-0"]
[WhiteElo "2516"]
[BlackElo "2499"]
[PlyCount "89"]
[EventDate "2021.??.??"]
[EventType "blitz"]

1. e4 e5 2. Nf3 Nc6 3. c3 Nf6 4. d4 Nxe4 5. d5 Ne7 6. Nxe5 Ng6 7. Qf3 Nxe5 8.
Qxe4 Qe7 9. Be2 d6 10. Be3 Ng6 11. Qb4 Qd7 12. Nd2 Be7 13. O-O O-O 14. Nf3 Bf6
15. Bd4 Bxd4 16. Nxd4 c5 17. dxc6 bxc6 18. Qa3 Re8 19. Rfe1 Bb7 20. Rad1 Ne5
21. Nf3 Nxf3+ 22. Bxf3 Rxe1+ 23. Rxe1 c5 24. Bxb7 Qxb7 25. Qa4 g6 26. b3 d5 27.
Re8+ Kg7 28. Rxa8 Qxa8 29. Qd7 a5 30. h3 h5 31. Qd6 Qe8 32. Qxc5 Qe1+ 33. Kh2
Qe5+ 34. g3 h4 35. Qd4 hxg3+ 36. fxg3 f6 37. Qxe5 fxe5 38. Kg2 Kf6 39. Kf3 Kf5
40. g4+ Kg5 41. Kg3 Kf6 42. h4 Ke6 43. Kf3 Kf6 44. Ke3 Ke6 45. c4 {Normal} 1-0

[Event "Rated Blitz tournament FVps40vz"]
[Site "?"]
[Date "2021.06.03"]
[Round "?"]
[White "kappablanc"]
[Black "Tom1306"]
[Result "0-1"]
[WhiteElo "2304"]
[BlackElo "2406"]
[PlyCount "34"]
[EventDate "2021.??.??"]
[EventType "blitz"]

1. e4 e5 2. Nf3 Nc6 3. c3 d5 4. Qa4 f6 5. Bb5 Nge7 6. exd5 Qxd5 7. d4 e4 8. c4
Qh5 9. Nfd2 Qg6 10. d5 Qxg2 11. Rf1 e3 12. fxe3 a6 13. Nc3 axb5 14. Qxa8 Ne5
15. Nxb5 Kf7 16. Qa3 Bg4 17. Nxc7 Qe2# {Normal} 0-1

[Event "Rated Blitz tournament bKvgoQsm"]
[Site "?"]
[Date "2021.06.03"]
[Round "?"]
[White "Abouyahya1983"]
[Black "mou_abde"]
[Result "1-0"]
[WhiteElo "2517"]
[BlackElo "2268"]
[PlyCount "97"]
[EventDate "2021.??.??"]
[EventType "blitz"]

1. e4 e5 2. Nf3 Nc6 3. c3 Nf6 4. d4 Nxe4 5. d5 Ne7 6. Nxe5 Nf6 7. d6 cxd6 8.
Nf3 d5 9. Bd3 d6 10. O-O Bg4 11. Bg5 Ne4 12. Bxe4 dxe4 13. Qa4+ Qd7 14. Qxe4 f6
15. Bf4 Qc6 16. Qxc6+ Nxc6 17. Re1+ Kf7 18. Nbd2 g5 19. Be3 d5 20. h3 Bh5 21.
Nd4 Ne5 22. N2b3 Bg6 23. Rad1 Nd3 24. Re2 a6 25. Red2 Ne5 26. Ne2 Be4 27. Ng3
Nc4 28. Nxe4 dxe4 29. Rd7+ Kg6 30. Rxb7 Nxb2 31. Rd4 Re8 32. Nd2 Nd1 33. Nxe4
Nxe3 34. fxe3 Re7 35. Rb6 Rf7 36. g4 h5 37. Rd5 hxg4 38. Rxg5+ Kh6 39. Rxg4 Rg7
40. Nxf6 Rxg4+ 41. Nxg4+ Kg5 42. Kg2 Bg7 43. c4 Rc8 44. Rxa6 Rxc4 45. Kf3 Rc2
46. a4 Kh4 47. Ra7 Bf8 48. a5 Bc5 49. Rc7 {Time forfeit} 1-0

[Event "Rated Blitz tournament z9OdDxTf"]
[Site "?"]
[Date "2021.06.03"]
[Round "?"]
[White "Brave_spirit12"]
[Black "Sattarov_Bobur"]
[Result "1-0"]
[WhiteElo "2524"]
[BlackElo "2655"]
[PlyCount "59"]
[EventDate "2021.??.??"]
[EventType "blitz"]

1. e4 e5 2. Nf3 Nc6 3. c3 d5 4. Bb5 f6 5. d4 dxe4 6. Nfd2 a6 7. Bxc6+ bxc6 8.
Nxe4 Qd5 9. Nbd2 c5 10. dxc5 Bb7 11. c4 Qc6 12. Qe2 Rd8 13. O-O Rxd2 14. Bxd2
Qxe4 15. Qxe4 Bxe4 16. Be3 Bc6 17. b4 Ba4 18. b5 axb5 19. cxb5 Bxb5 20. Rfb1
Bc6 21. Rb8+ Kf7 22. a4 Ne7 23. a5 Nd5 24. a6 Rg8 25. a7 Nxe3 26. fxe3 Bxc5 27.
Kf2 Ba8 28. Rc1 Bb6 29. g4 Rxb8 30. axb8=Q {Normal} 1-0

[Event "Rated Blitz tournament bKvgoQsm"]
[Site "?"]
[Date "2021.06.03"]
[Round "?"]
[White "Abouyahya1983"]
[Black "cchheeessyyoonn"]
[Result "1-0"]
[WhiteElo "2515"]
[BlackElo "2247"]
[PlyCount "55"]
[EventDate "2021.??.??"]
[EventType "blitz"]

1. e4 e5 2. Nf3 Nc6 3. c3 Nf6 4. d4 d5 5. Bb5 Bg4 6. Qa4 Bd7 7. exd5 Nxd5 8.
Nxe5 Nxe5 9. dxe5 c6 10. Be2 Bc5 11. Nd2 b5 12. Qc2 Qh4 13. Ne4 Bf5 14. Nd6+
Bxd6 15. Qxf5 Bc5 16. O-O O-O 17. Bg5 Qa4 18. Bf6 Be7 19. Bd3 Nxf6 20. exf6 g6
21. Qg5 Bd8 22. Rfe1 Qa6 23. Re3 c5 24. Rf3 h6 25. Qxh6 Bxf6 26. Bxg6 fxg6 27.
Qxg6+ Kh8 28. Rh3+ {Normal} 1-0

[Event "Rated Blitz game"]
[Site "?"]
[Date "2021.06.03"]
[Round "?"]
[White "Wiljalba"]
[Black "Ion_Nicolescu"]
[Result "1-0"]
[WhiteElo "2408"]
[BlackElo "2296"]
[PlyCount "63"]
[EventDate "2021.??.??"]
[EventType "blitz"]

1. e4 e5 2. Nf3 Nc6 3. c3 d5 4. exd5 Qxd5 5. d4 exd4 6. cxd4 Bg4 7. Be2 O-O-O
8. Nc3 Qh5 9. Be3 Bd6 10. h3 Bf5 11. d5 Nb4 12. Nd4 Qg6 13. Nxf5 Qxg2 14. Bf3
Qg6 15. Be4 Qf6 16. Nxd6+ Qxd6 17. a3 Na6 18. Nb5 Qe5 19. Qd4 Qxd4 20. Bxd4 Re8
21. f3 f5 22. Bxg7 fxe4 23. Bxh8 exf3+ 24. Kf2 Nh6 25. Bc3 Nc5 26. Kxf3 Rf8+
27. Kg2 Nd3 28. Rhf1 Nf4+ 29. Kg3 Ne2+ 30. Kh2 Nf5 31. Rf2 Neg3 32. Nd4 {Normal
} 1-0

[Event "Rated Blitz game"]
[Site "?"]
[Date "2021.06.03"]
[Round "?"]
[White "Buzilo"]
[Black "ElDecano"]
[Result "0-1"]
[WhiteElo "2369"]
[BlackElo "2413"]
[PlyCount "106"]
[EventDate "2021.??.??"]
[EventType "blitz"]

1. e4 e5 2. Nf3 Nc6 3. c3 f5 4. d4 exd4 5. exf5 dxc3 6. Nxc3 Bb4 7. Bd3 d5 8.
O-O Nge7 9. g4 Bxc3 10. bxc3 Qd6 11. a4 Bd7 12. Re1 h6 13. h3 O-O-O 14. Ba3 Qf6
15. Qd2 Rhe8 16. Qf4 Ng6 17. Qg3 Nge5 18. Bf1 Nxf3+ 19. Qxf3 Ne5 20. Qg3 Bc6
21. Bc5 d4 22. Rxe5 Qxe5 23. Qxe5 Rxe5 24. Bxd4 Re7 25. f6 gxf6 26. Bxf6 Rde8
27. Bxe7 Rxe7 28. a5 a6 29. f4 Re4 30. f5 Rf4 31. Bg2 Bb5 32. Re1 h5 33. Re4
Rxe4 34. Bxe4 hxg4 35. hxg4 b6 36. axb6 cxb6 37. g5 Kd7 38. f6 Ke6 39. Bd5+ Kd7
40. g6 Bd3 41. g7 Bh7 42. g8=Q Bxg8 43. Bxg8 b5 44. Ba2 a5 45. f7 Ke7 46. Kf2
b4 47. cxb4 axb4 48. Ke3 Kf8 49. Kd4 Ke7 50. Kc4 b3 51. Kb4 bxa2 52. Kb3 a1=Q
53. f8=Q+ Kxf8 {Time forfeit} 0-1

[Event "Rated Blitz game"]
[Site "?"]
[Date "2021.06.03"]
[Round "?"]
[White "farbmates"]
[Black "vassaya"]
[Result "0-1"]
[WhiteElo "2425"]
[BlackElo "2296"]
[PlyCount "140"]
[EventDate "2021.??.??"]
[EventType "blitz"]

1. e4 e5 2. Nf3 Nc6 3. c3 d5 4. Qa4 dxe4 5. Nxe5 Bd7 6. Nxd7 Qxd7 7. Qxe4+ Be7
8. d4 O-O-O 9. Bd3 Nf6 10. Qf3 Rhe8 11. Bf5 Bd6+ 12. Kf1 Re6 13. d5 Ne5 14.
dxe6 fxe6 15. Bxe6 Qxe6 16. Qe2 Qf5 17. Be3 Neg4 18. Nd2 Nxe3+ 19. Qxe3 Re8 20.
Qf3 Qc2 21. Nc4 Ne4 22. Rd1 Nxf2 23. Rxd6 Nxh1 24. Rd1 Qa4 25. Kg1 Qxc4 26.
Kxh1 Qe2 27. Qf5+ Qe6 28. Qxe6+ Rxe6 29. Kg1 Re2 30. Rf1 Rxb2 31. Rf8+ Kd7 32.
Rf7+ Kc6 33. Rxg7 h5 34. Rh7 Rxa2 35. Rxh5 a5 36. h4 a4 37. Ra5 b6 38. Ra8 Kb7
39. Rf8 a3 40. Rf1 Rc2 41. h5 Rxc3 42. g4 Rg3+ 43. Kh2 Rxg4 44. Kh3 Rg8 45. Kh4
b5 46. Rb1 Kb6 47. Rb3 c5 48. Rxa3 b4 49. Ra1 Kb5 50. h6 c4 51. Kh5 b3 52. h7
Rh8 53. Kg6 Kb4 54. Kg7 Rxh7+ 55. Kxh7 b2 56. Ra8 c3 57. Kg6 Kb3 58. Kf5 Kc2
59. Ke5 b1=Q 60. Kd4 Qb4+ 61. Kd5 Qb7+ 62. Kd4 Qxa8 63. Ke3 Qd5 64. Kf4 Kb3 65.
Ke3 c2 66. Kf4 c1=Q+ 67. Kg3 Qcc4 68. Kf2 Qdd3 69. Ke1 Qc1+ 70. Kf2 Qcc2+ {
Normal} 0-1

[Event "Rated Blitz game"]
[Site "?"]
[Date "2021.06.03"]
[Round "?"]
[White "Carlos-A-Zambrano"]
[Black "ThMachine"]
[Result "0-1"]
[WhiteElo "2283"]
[BlackElo "2459"]
[PlyCount "152"]
[EventDate "2021.??.??"]
[EventType "blitz"]

1. e4 e5 2. Nf3 Nc6 3. c3 Nf6 4. Qc2 Be7 5. d4 d6 6. h3 O-O 7. a3 a6 8. Bd3 Rb8
9. Be3 Qe8 10. O-O Bd7 11. Re1 Qc8 12. Nbd2 Re8 13. Rad1 h6 14. Nh2 Bf8 15. d5
Ne7 16. c4 b6 17. Rc1 Ng6 18. Qd1 a5 19. b4 axb4 20. axb4 Ra8 21. Ra1 Qb7 22.
Qb3 Rxa1 23. Rxa1 Ra8 24. Ra3 Rxa3 25. Qxa3 Nh5 26. Bf1 Nhf4 27. Nhf3 f5 28. g3
fxe4 29. Nxe4 Nxh3+ 30. Bxh3 Bxh3 31. Nfd2 Bf5 32. f3 Bd7 33. Kf2 b5 34. Qd3
bxc4 35. Qxc4 Bb5 36. Qc3 Ne7 37. f4 Nxd5 38. Qb3 Kh8 39. fxe5 dxe5 40. Nc5 Qc6
41. Nde4 Bxc5 42. bxc5 Nxe3 43. Kxe3 Qd7 44. Qc3 Qe7 45. Qa5 Bc6 46. Qc3 Qe6
47. Qd3 Qf5 48. Nd2 Qg5+ 49. Ke2 Qe7 50. Qe3 e4 51. Kf2 Qf6+ 52. Kg1 Qa1+ 53.
Kf2 Qb2 54. Kg1 Qc1+ 55. Kf2 Qc2 56. Kg1 Qd3 57. Kf2 Kh7 58. Qxd3 exd3 59. Ke3
Bb5 60. Nf3 g5 61. Ne5 h5 62. Nxd3 Bxd3 63. Kxd3 Kg6 64. Ke4 Kf6 65. Kf3 Ke5
66. Ke3 Kd5 67. c6 Kxc6 68. Ke4 Kd6 69. Kf5 h4 70. gxh4 gxh4 71. Kg4 Kd5 72.
Kxh4 Ke4 73. Kg3 Ke3 74. Kg2 c5 75. Kf1 Kd2 76. Kf2 c4 {Normal} 0-1

[Event "Rated Blitz tournament 8gVBjoDe"]
[Site "?"]
[Date "2021.06.03"]
[Round "?"]
[White "TotalDepression"]
[Black "uzaya"]
[Result "0-1"]
[WhiteElo "2204"]
[BlackElo "2413"]
[PlyCount "78"]
[EventDate "2021.??.??"]
[EventType "blitz"]

1. e4 e5 2. Nf3 Nc6 3. c3 Nf6 4. Qc2 d5 5. exd5 Qxd5 6. c4 Qd8 7. Nc3 Bc5 8.
Be2 a6 9. a3 O-O 10. d3 h6 11. Be3 Bd4 12. O-O-O Re8 13. Nd2 Bxc3 14. Qxc3 Nd4
15. Bf1 Bf5 16. Nf3 c5 17. Re1 Qd7 18. Bxd4 exd4 19. Qd2 Rxe1+ 20. Nxe1 b5 21.
cxb5 axb5 22. Nc2 Nd5 23. h3 b4 24. g4 Be6 25. Bg2 bxa3 26. Nxa3 Ra4 27. Re1
Nb4 28. Re5 c4 29. dxc4 Bxc4 30. Be4 Be6 31. Bc2 Qc7 32. Kb1 Nxc2 33. Rxe6
Nxa3+ 34. bxa3 fxe6 35. Qb2 Ra6 36. Ka2 Rb6 37. Qd2 Qc4+ 38. Ka1 Qc3+ 39. Qxc3
dxc3 {Normal} 0-1

[Event "Rated Blitz game"]
[Site "?"]
[Date "2021.06.03"]
[Round "?"]
[White "Buzilo"]
[Black "CivEn"]
[Result "0-1"]
[WhiteElo "2362"]
[BlackElo "2433"]
[PlyCount "134"]
[EventDate "2021.??.??"]
[EventType "blitz"]

1. e4 e5 2. Nf3 Nc6 3. c3 d6 4. d4 exd4 5. cxd4 Nf6 6. Nc3 Bg4 7. Bb5 a6 8.
Bxc6+ bxc6 9. Qa4 Qd7 10. Be3 Be7 11. Rc1 O-O 12. O-O Bxf3 13. gxf3 Qh3 14. Qd1
Rab8 15. b3 Rfe8 16. Ne2 Nd7 17. Rxc6 Qxf3 18. Ng3 Qf6 19. Rxc7 Nf8 20. Qd3 Bd8
21. Rc6 a5 22. e5 Qf3 23. Rxd6 Bh4 24. Qe4 Qxe4 25. Nxe4 Rbc8 26. Ra6 Ne6 27.
Nd6 Ra8 28. Rxa8 Rxa8 29. Rc1 h6 30. Rc8+ Rxc8 31. Nxc8 Nc7 32. Nb6 Bd8 33. d5
Nb5 34. Nc4 Nc3 35. Bb6 Bg5 36. d6 Nxa2 37. d7 Nc1 38. Nxa5 Kf8 39. d8=Q+ Bxd8
40. Bxd8 Ke8 41. Bc7 Kd7 42. Bd6 Nd3 43. Kf1 f6 44. exf6 gxf6 45. Bg3 f5 46.
Ke2 Nc5 47. Ke3 Ne6 48. f4 Kc7 49. Be1 Kb6 50. b4 Kb5 51. Bc3 Nf8 52. Nb7 Ne6
53. Be5 Kc4 54. Nd6+ Kxb4 55. Nxf5 h5 56. h4 Kc4 57. Ng7 Nf8 58. Nxh5 Ng6 59.
Bf6 Kd5 60. f5 Nf8 61. Kf4 Nd7 62. Bg5 Nc5 63. f6 Nd3+ 64. Kf5 Ne5 65. f7 Nxf7
66. Nf6+ Kd4 67. h5 Nd6+ {Time forfeit} 0-1

[Event "Rated Blitz tournament VDosMHAF"]
[Site "?"]
[Date "2021.06.03"]
[Round "?"]
[White "Zayats71"]
[Black "Robin_Good_chess"]
[Result "1-0"]
[WhiteElo "2708"]
[BlackElo "2441"]
[PlyCount "69"]
[EventDate "2021.??.??"]
[EventType "blitz"]

1. e4 e5 2. Nf3 Nc6 3. c3 d5 4. Qa4 Bd7 5. exd5 Nd4 6. Qd1 Nxf3+ 7. Qxf3 Bd6 8.
Bc4 Nf6 9. d3 h6 10. Nd2 Bg4 11. Qe3 O-O 12. Ne4 Nxe4 13. dxe4 f5 14. Qg3 Qf6
15. f3 Bh5 16. exf5 e4 17. Qh3 exf3 18. Qxh5 fxg2 19. Rg1 Rae8+ 20. Kd1 b5 21.
Bd3 Re5 22. Rxg2 Rxd5 23. Qf3 c6 24. Kc2 Rd8 25. Be4 Rc5 26. Be3 Rc4 27. Rd1 b4
28. Bd5+ cxd5 29. Qxd5+ Kh7 30. Qxc4 bxc3 31. bxc3 Re8 32. Bd4 Qh4 33. f6 g5
34. Qd3+ Kh8 35. f7+ {Normal} 1-0